| 000 | 00000cas 2200000zi 4500 |
| 001 | 9.503827 |
| 003 | CaOODSP |
| 005 | 20260515133110 |
| 006 | m o d f |
| 007 | cr cn |||||||| |
| 008 | 150406c20049999oncmr p o f0 b0fre|d |
| 022 | |a2817-3643 |
| 040 | |aCaOODSP|bfre|erda|cCaOODSP |
| 043 | |an-cn-nf |
| 086 | 1 |aD16-5F-PDF|zFs151-6/1F-PDF |
| 222 | 0|aLivre des feux, des bouées et des signaux de brume. Côte de Terre-Neuve-et-Labrador |
| 245 | 00|aLivre des feux, des bouées et des signaux de brume. |pTerre-Neuve et Labrador / |cGarde côtière canadienne, Services maritimes. |
| 246 | 1 |iLes livraisons de <2022/08>- comportent le titre : |aLivre des feux, des bouées et des signaux de brume. |pCôte de Terre-Neuve-et-Labrador |
| 246 | 3 |aTerre-Neuve et Labrador, livres des feux des bouées et des signaux de brune |
| 246 | 17|aTerre-Neuve et Labrador - Livre des feux, des bouées et des signaux de brume |
| 246 | 17|aCôte de Terre-Neuve-et-Labrador - Livre des feux, des bouées et des signaux de brume |
| 264 | 1|a[Ottawa, Ontario] : |bProgrammes Garde côtière canadienne, Aides à la navigation et voies navigables, Pêches et océans Canada |
| 310 | |aMensuel |
| 321 | |aAnnuel |
| 336 | |atexte|btxt|2rdacontent/fre |
| 337 | |ainformatique|bc|2rdamedia/fre |
| 338 | |aressource en ligne|bcr|2rdacarrier/fre |
| 362 | 1 |aParaît depuis 2004? |
| 500 | |aPublié aussi en anglais sous le titre : Lights, buoys and fog signals. Newfoundland and Labrador Coast. |
| 500 | |a« Mise à jour, édition mensuelle des avis aux navigateurs ... » |
| 515 | |aLes éditions 2016-2021 n'ont pas été publiées. |
| 588 | |aDescription d'après : 2013; titre de la page couverture du fichier PDF. |
| 588 | |aDernière livraison consultée : Dernière correction : Éd. mensuelle 2023/11. |
| 650 | 6|aAides à la navigation|zTerre-Neuve-et-Labrador|vListes. |
| 655 | 7|aPériodiques|2rvmgf |
| 710 | 1 |aGarde côtière canadienne. |bServices maritimes, |eorganisme de publication. |
| 710 | 1 |aCanada. |bMinistère des pêches et des océans, |eorganisme de publication. |
| 775 | 08|tLights, buoys and fog signals. |w(CaOODSP)9.507433 |